| 000 | 01679nkm a2200337 i 4500 | ||
|---|---|---|---|
| 001 | 3475 | ||
| 003 | ES-MaACL | ||
| 005 | 20250713062728.0 | ||
| 007 | khrbo | ||
| 008 | 051102s1985 sp --- g |001||spa d | ||
| 100 | 0 |
_aAlfonso, _d1902-1990 _919858 |
|
| 245 | 1 | 3 |
_aLa obra de los discípulos de Cirilo y Metodio _b; Metodio y la cultura búlgara e hispánica de su tiempo ; Bizancio y el legado Cirilo-Metodiano [ _hFotografía] / _cAlfonso (sello). |
| 260 |
_a[S.l. : _bs.n.], _c1985. |
||
| 300 |
_a6 fot. : _bb. y n. ; _c12 x 18 cm. |
||
| 490 | 1 | _aConmemoración del 1.100 aniversario de la muerte de Metodio | |
| 500 | _aDatos basados en invitación. | ||
| 511 | 0 | _aIntervienen: Dimitar Anguelov, José Mª Azcárate Ristori, Pedro Bádenas de la Peña. | |
| 518 | _aActo organizado por el Ateneo de Madrid en colaboración con la Embajada de la República Popular de Bulgaria, celebrado en el salón de actos el jueves, 23 de mayo de 1985, a partir de las 20:00 h. | ||
| 600 | 1 | 4 |
_aAnguelov, Dimitar. _921758 |
| 600 | 1 | 4 |
_aAzcárate Ristori, José María de. _924256 |
| 600 | 1 | 4 |
_aBádenas de la Peña, Pedro. _924526 |
| 610 | 2 | 4 |
_aAteneo de Madrid- _xActos culturales- _y1985- _vFotografías. _91900 |
| 710 | 2 |
_aAteneo de Madrid. _91875 |
|
| 710 | 1 |
_aBulgaria. _bEmbajada (España) _92251 |
|
| 740 | 0 | 2 | _aMetodio y la cultura búlgara e hispánica de su tiempo. |
| 740 | 0 | 2 | _aBizancio y el legado Cirilo-Metodiano. |
| 830 | 0 |
_aConmemoración del 1.100 aniversario de la muerte de Metodio _9176810 |
|
| 852 |
_aES-MaACL _jFOT 39/1985 |
||
| 856 | 4 |
_uhttp://www.ateneodemadrid.net/biblioteca_digital/imagenes/1985/0039-1985.jpg _zVer imagen |
|
| 999 |
_c3475 _d3475 |
||